Utilization of Plastic & Ceramic Waste and Quarry Dust in the Manufacturing of Pavement Blocks to reduce Pollution (Record no. 61198)

MARC details
000 -LEADER
fixed length control field 00770nam a2200169 a 4500
008 - FIXED-LENGTH DATA ELEMENTS--GENERAL INFORMATION
fixed length control field 220808s2021 ||||||||||||||||| || u
050 ## - LIBRARY OF CONGRESS CALL NUMBER
Classification number CBU-UG THESIS/PHI
100 ## - MAIN ENTRY--PERSONAL NAME
Personal name Phiri, Kasunge Annabel
245 10 - TITLE STATEMENT
Title Utilization of Plastic & Ceramic Waste and Quarry Dust in the Manufacturing of Pavement Blocks to reduce Pollution
Statement of responsibility, etc. By Kasunge Annabel Phiri
260 ## - PUBLICATION, DISTRIBUTION, ETC.
Place of publication, distribution, etc. Kitwe
Name of publisher, distributor, etc. Copperbelt University
Date of publication, distribution, etc. 2021
300 ## - PHYSICAL DESCRIPTION
Extent x, 53 pages [various pages] : illustrations
500 ## - GENERAL NOTE
General note ACCOMPANIED BY CD
650 ## - SUBJECT ADDED ENTRY--TOPICAL TERM
Topical term or geographic name entry element PAVEMENT BLOCKS - MANUFACTURING
650 ## - SUBJECT ADDED ENTRY--TOPICAL TERM
Topical term or geographic name entry element PLASTIC AND CERANIC WASTE
650 ## - SUBJECT ADDED ENTRY--TOPICAL TERM
Topical term or geographic name entry element USE OF QUARY DUST - MANUFACTURING
995 ## - RECOMMENDATION 995 [LOCAL, UNIMARC FRANCE]
-- CBU-MAIN LIBRARY (Kitwe)
-- 1
-- AVAILABLE
-- Aug 10, 2022
-- University Collection
Holdings
Withdrawn status Lost status Source of classification or shelving scheme Damaged status Not for loan Home library Current library Shelving location Date acquired Total Checkouts Full call number Barcode Date last seen Price effective from Koha item type
          CBU-MAIN LIBRARY, KITWE. CBU-MAIN LIBRARY, KITWE.   11/30/2022   CBU-UG THESIS/PHI B4967 11/30/2022 11/30/2022 MONOGRAPH